How things work : (Record no. 114190)
[ view plain ]
| 000 -LEADER | |
|---|---|
| fixed length control field | 00592nam a2200193 a 4500 |
| 001 - CONTROL NUMBER | |
| control field | 4011 |
| 005 - DATE AND TIME OF LATEST TRANSACTION | |
| control field | 20140414132052.0 |
| 008 - FIXED-LENGTH DATA ELEMENTS--GENERAL INFORMATION | |
| fixed length control field | 040602s19uu xx 00 eng d |
| 020 ## - INTERNATIONAL STANDARD BOOK NUMBER | |
| International Standard Book Number | 1-85434-346-7 |
| 050 ## - LIBRARY OF CONGRESS CALL NUMBER | |
| Classification number | REF 620 |
| Item number | TW93 1995 |
| 100 ## - MAIN ENTRY--PERSONAL NAME | |
| Personal name | Llewellyn, Claire |
| 245 ## - TITLE STATEMENT | |
| Title | How things work : |
| Remainder of title | things we make, build and use / |
| Statement of responsibility, etc | text by CLaire Llewellyn. |
| 260 ## - PUBLICATION, DISTRIBUTION, ETC. (IMPRINT) | |
| Place of publication, distribution, etc | UK : |
| Name of publisher, distributor, etc | Two-Can Pub., |
| Date of publication, distribution, etc | 1995. |
| 300 ## - PHYSICAL DESCRIPTION | |
| Extent | 93 p. : ill. ; cm. |
| 440 ## - SERIES STATEMENT/ADDED ENTRY--TITLE | |
| Title | Two-Can First Encyclopedia |
| 650 ## - SUBJECT ADDED ENTRY--TOPICAL TERM | |
| Topical term or geographic name as entry element | Machinery |
| General subdivision | Design and construction. |
| 650 ## - SUBJECT ADDED ENTRY--TOPICAL TERM | |
| Topical term or geographic name as entry element | Natural history |
| General subdivision | Encyclopedias. |
| Withdrawn status | Lost status | Damaged status | Use restrictions | Home library | Current library | Shelving location | Date acquired | Source of acquisition | Total Checkouts | Full call number | Barcode | Date last seen | Price effective from | Koha item type |
|---|---|---|---|---|---|---|---|---|---|---|---|---|---|---|
| Munich Library | Munich Library | Reference Section | 07/26/2011 | REF 620 TW93 1995 | M5944 | 04/14/2014 | 04/14/2014 | Books |